La compañía / (Registro nro. 7374)
[ vista simple ]
| 000 -LEADER | |
|---|---|
| fixed length control field | 00743nam a22002297a 4500 |
| 003 - CONTROL NUMBER IDENTIFIER | |
| control field | OSt |
| 005 - DATE AND TIME OF LATEST TRANSACTION | |
| control field | 20250414120630.0 |
| 008 - FIXED-LENGTH DATA ELEMENTS--GENERAL INFORMATION | |
| fixed length control field | 210301s1976 ck ||||er|||| 00| f spa d |
| 040 ## - CATALOGING SOURCE | |
| Original cataloging agency | CO-JMCR |
| Transcribing agency | CO-JMCR |
| 041 1# - LANGUAGE CODE | |
| Language code of text/sound track or separate title | spa |
| Language code of original | eng |
| 082 04 - DEWEY DECIMAL CLASSIFICATION NUMBER | |
| Classification number | A-N |
| Item number | EHRc |
| Edition number | 23 |
| 100 1# - MAIN ENTRY--PERSONAL NAME | |
| Personal name | Ehrlichman, John, |
| Relator term | autor |
| 9 (RLIN) | 14108 |
| 245 13 - TITLE STATEMENT | |
| Title | La compañía / |
| Statement of responsibility, etc. | John Ehrlichman ; traducción Julio B. Fuentes Bobo. |
| 260 ## - PUBLICATION, DISTRIBUTION, ETC. | |
| Place of publication, distribution, etc. | Bogotá : |
| Name of publisher, distributor, etc. | Circulo de Lectores, |
| Date of publication, distribution, etc. | 1976 |
| 300 ## - PHYSICAL DESCRIPTION | |
| Extent | 318 páginas ; |
| Dimensions | 20 cm. |
| 500 ## - GENERAL NOTE | |
| General note | Título original: The company. |
| 546 ## - LANGUAGE NOTE | |
| Language note | Traducido del inglés. |
| 650 14 - SUBJECT ADDED ENTRY--TOPICAL TERM | |
| Topical term or geographic name entry element | Novela estadounidense |
| 9 (RLIN) | 14109 |
| 650 24 - SUBJECT ADDED ENTRY--TOPICAL TERM | |
| Topical term or geographic name entry element | Ficción política |
| Geographic subdivision | Estados Unidos |
| 9 (RLIN) | 14110 |
| 700 1# - ADDED ENTRY--PERSONAL NAME | |
| Personal name | Fuentes Bobo, Julio B., |
| Relator term | traductor |
| 9 (RLIN) | 14111 |
| 942 ## - ADDED ENTRY ELEMENTS (KOHA) | |
| Source of classification or shelving scheme | Dewey Decimal Classification |
| Koha item type | Books |
| Withdrawn status | Lost status | Source of classification or shelving scheme | Damaged status | Not for loan | Collection code | Home library | Current library | Date acquired | Source of acquisition | Total Checkouts | Full call number | Barcode | Date last seen | Copy number | Price effective from | Koha item type |
|---|---|---|---|---|---|---|---|---|---|---|---|---|---|---|---|---|
| Dewey Decimal Classification | Fiction | Biblioteca Pública José María del Castillo y Rada | Biblioteca Pública José María del Castillo y Rada | 12/01/2017 | Donación | A-N EHRc | 201809721 | 03/01/2021 | Ej.1 | 03/01/2021 | Books |